Statistics for Game of Thrones Family Tree

Click here to take the quiz!

General Stats

  • This quiz has been taken 77 times
  • The average score is 67 of 80

Answer Stats

HintNo.Answer% Correct
King in Season 11.Robert Baratheon
100%
No. 11 and 12's youngest daughter17.Arya Stark
98%
Above's wife2.Cersei Lannister
98%
No. 11 and 12's eldest daughter15.Sansa Stark
98%
Above's eldest son3.Joffrey Baratheon
96%
Above's husband39.Jon Arryn
96%
No. 25 and 26's son27.Jon Snow/Aegon Targaryen
96%
Above's eldest son13.Robb Stark
96%
No. 7's youngest son9.Tyrion Lannister
96%
No. 11 and 12's middle son19.Bran Stark
95%
Above's wife12.Catelyn Stark
95%
No. 1's best friend/hand of the king11.Eddard Stark
95%
Above's eldest son8.Jaime Lannister
95%
No. 2's father7.Tywin Lannister
95%
No. 2's youngest son5.Tommen Baratheon
93%
Above's husband31.Khal Drogo
91%
No. 2's daughter4.Myrcella Baratheon
91%
No. 26 and 29's sister30.Daenerys Targaryen
89%
No.1's master of whispers53.Lord Varys
89%
No.1's master of coin52.Petyr Baelish
89%
No. 1's middle brother41.Stannis Baratheon
89%
Above's direwolf28.Ghost
88%
No. 2's bannerman and 'bodyguard'50.Gregor Clegane
88%
Above's direwolf16.Lady
88%
No. 2, 8 and 9's cousin10.Lancel Lannister
88%
No.11's sister25.Lyanna Stark
88%
No. 12's sister38.Lysa Arryn
88%
No. 11 and 12's youngest son21.Rickon Stark
88%
Above's brother51.Sandor Clegane
88%
No. 26's brother29.Viserys Targaryen
88%
No. 30's dragon (named after no. 31)33.Drogon
86%
No. 1's bastard son6.Gendry
86%
Above's lover57.Grey Worm
86%
No. 30's advisor54.Jorah Mormont
86%
Above's wife, also wife of no. 3 and 545.Margaery Tyrell
86%
No.1's youngest brother44.Renly Baratheon
86%
No. 25's husband26.Rhaegar Targaryen
86%
No. 30's dragon (named after no. 29)34.Viserion
86%
Above's direwolf18.Nymeria
84%
Above's brother62.Oberyn Martell
84%
Above's mother48.Olenna Tyrell
84%
No. 38 and 39's son40.Robin Arryn
84%
Above's direwolf20.Summer
84%
No. 11's brother24.Benjen Stark
82%
Above's brother and lover of no. 4446.Loras Tyrell
82%
No. 26, 29 and 30's great uncle37.Maester Aemon Targaryen
82%
No. 30's dragon (named after no. 26)35.Rhaegal
82%
No. 26, 29 and 30's father36.Aerys Targaryen
80%
No. 8's love interest80.Brienne of Tarth
80%
No. 9's friend and sellsword77..Bronn
80%
Above's direwolf14.Grey Wind
80%
No. 67's captor/torturer69.Ramsay Bolton
80%
No. 27's best friend and brother of the Night's Watch71.Samwell Tarly
80%
No. 41 and 42's daughter43.Shireen Baratheon
80%
Above's son67.Theon Greyjoy
80%
No. 30's protector and ex-kingsguard knight59.Barristan Selmy
79%
Above's father55.Jeor Mormont
79%
No. 30's translator and friend56.Missandei
79%
No. 9's squire78..Podrick Payne
79%
No. 9's lover79.Shae
79%
Above's direwolf22.Shaggydog
79%
No. 13's wife23.Talisa
79%
Above's sister68.Yara Greyjoy
79%
No. 27's wildling love interest73.Ygritte
79%
No. 30's lover58.Daario Naharis
77%
No. 41 and 27's advisor49.Davos Seaworth
77%
Above's love interest/friend72.Gilly
77%
Above's father47.Mace Tyrell
77%
Above's father70.Roose Bolton
77%
Above's father61.Doran Martell
73%
Above's wife63.Ellaria Sand
71%
No. 27's wildling friend74.Tormund Giantsbane
71%
No. 4's fiancé60.Trystane Martell
71%
Above's brother66.Balon Greyjoy
70%
No. 61 and 62's sister and ex-wife of no. 2664.Elia Martell
70%
No. 2's lover65.Euron Greyjoy
68%
Above's wife42.Selyse Baratheon
64%
No. 30 and 31's son32.Rhaego
63%
No. 27's brother of the Night's Watch76.Pyp
57%
No. 27's brother of the Night's Watch75.Grenn
55%

Score Distribution

Percentile by Number Answered

Percent of People with Each Score

Your Score History

You have not taken this quiz